000 00439cam a2200169ua 4500
003 OSt
008 250814b |||||||| |||| 00| 0 eng d
041 _aeng
082 _a627.52
_bPAL/HY
100 _aPalaniappan, T K .
_97723
245 _aHydraulic and irrigation engineering /
250 _a1 /
260 _aCoimbatore :
_bPratheeba publishers ,
_c1995.
300 _a110 ; .
700 1 _aMarimuthu, V M .
_91417
942 _cBK
999 _c11086
_d11086